<?xml version="1.0" encoding="UTF-8"?>
<record
    xmlns:xsi="http://www.w3.org/2001/XMLSchema-instance"
    xsi:schemaLocation="http://www.loc.gov/MARC21/slim http://www.loc.gov/standards/marcxml/schema/MARC21slim.xsd"
    xmlns="http://www.loc.gov/MARC21/slim">

  <leader>04582nam a2200553 i 4500</leader>
  <controlfield tag="001">959</controlfield>
  <controlfield tag="003">gtuscu</controlfield>
  <controlfield tag="005">20260319160016.0</controlfield>
  <controlfield tag="007">ta</controlfield>
  <controlfield tag="008">250812e2012    gt d|||| |||| 00| 0 spa d</controlfield>
  <datafield tag="020" ind1=" " ind2=" ">
    <subfield code="a">9789929592063</subfield>
  </datafield>
  <datafield tag="040" ind1=" " ind2=" ">
    <subfield code="a">gtuscu</subfield>
    <subfield code="b">spa</subfield>
    <subfield code="c">gtuscu</subfield>
    <subfield code="d">gtuscu</subfield>
    <subfield code="e">rda</subfield>
  </datafield>
  <datafield tag="082" ind1="0" ind2="4">
    <subfield code="a">CEUR 711 C581</subfield>
  </datafield>
  <datafield tag="245" ind1="1" ind2=" ">
    <subfield code="a">La ciudad :</subfield>
    <subfield code="b">antecedentes y nuevas perspectivas /</subfield>
    <subfield code="c">compilador y editor Luis Rafael Valladares Vielman ; autora Gabriela de la Pe&#xF1;a ; autora Marta Rizo ; autor Alfredo Rubio D&#xED;az ; autora Susana D&#xED;az Ru&#xED;z ; autor Julio Alguacil G&#xF3;mez ; autores Paolo Groppo y Paolo Toselli ; autor Artemio Baigorri ; autores Jordi Borja y Manuel Castells ; autor Jordi Borja.</subfield>
  </datafield>
  <datafield tag="264" ind1="1" ind2=" ">
    <subfield code="a">Guatemala :</subfield>
    <subfield code="b">Universidad de San Carlos de Guatemala, Centro de Estudios Urbanos y Regionales,</subfield>
    <subfield code="c">2012.</subfield>
  </datafield>
  <datafield tag="300" ind1=" " ind2=" ">
    <subfield code="a">371 p&#xE1;ginas :</subfield>
    <subfield code="b">gr&#xE1;ficas ;</subfield>
    <subfield code="c">21 cm</subfield>
  </datafield>
  <datafield tag="336" ind1=" " ind2=" ">
    <subfield code="2">rdacontenido</subfield>
    <subfield code="a">texto</subfield>
    <subfield code="b">txt</subfield>
  </datafield>
  <datafield tag="337" ind1=" " ind2=" ">
    <subfield code="2">rdamedio</subfield>
    <subfield code="a">sin mediaci&#xF3;n</subfield>
    <subfield code="b">n</subfield>
  </datafield>
  <datafield tag="338" ind1=" " ind2=" ">
    <subfield code="2">rdasoporte</subfield>
    <subfield code="a">volumen</subfield>
    <subfield code="b">nc</subfield>
  </datafield>
  <datafield tag="500" ind1=" " ind2=" ">
    <subfield code="a">La presente compilaci&#xF3;n, es un esfuerzo para apoyar a la docencia universitaria partiendo de la experiencia de los profesores del Centro de Estudios Urbanos y regionales CEUR. Sin embargo el uso del presente texto se puede ampliar a todos los interesados en el "ser" y "debe ser" de la "ciudad". Ha sido elaborada considentenado los temas debatidos en la academia sobre: el desarrollo y las perspectivas de la ciudad, en consonancia con los cambios profundos que se viven actualmente en este campo de estudios.</subfield>
  </datafield>
  <datafield tag="505" ind1="0" ind2=" ">
    <subfield code="g">Presentaci&#xF3;n</subfield>
  </datafield>
  <datafield tag="505" ind1="0" ind2=" ">
    <subfield code="g">Introducci&#xF3;n</subfield>
  </datafield>
  <datafield tag="505" ind1="0" ind2=" ">
    <subfield code="r">Gabriela de la Pe&#xF1;a</subfield>
    <subfield code="t">1. Simmel y la Escuela de Chicago en torno a los espacios p&#xFA;blicos en la ciudad --</subfield>
  </datafield>
  <datafield tag="505" ind1="0" ind2=" ">
    <subfield code="r">Marta Rizo</subfield>
    <subfield code="t">2. Concepto para pensar lo urbano. el abordaje de la ciudad desde la identidad, El habitus y las representaciones sociales --</subfield>
  </datafield>
  <datafield tag="505" ind1="0" ind2=" ">
    <subfield code="r">Alfredo Rubio D&#xED;az</subfield>
    <subfield code="t">3. La ciudad actual como objeto de reflexi&#xF3;n y an&#xE1;lisis --</subfield>
  </datafield>
  <datafield tag="505" ind1="0" ind2=" ">
    <subfield code="r">Susana D&#xED;az Ru&#xED;z</subfield>
    <subfield code="t">4. La ciudad como espacio social de convivencia --</subfield>
  </datafield>
  <datafield tag="505" ind1="0" ind2=" ">
    <subfield code="r">Julio Alguacil G&#xF3;mez</subfield>
    <subfield code="t">5. Metr&#xF3;poli versus ciudad --</subfield>
  </datafield>
  <datafield tag="505" ind1="0" ind2=" ">
    <subfield code="r">Paolo Groppo y Paolo Toselli</subfield>
    <subfield code="t">6. Desde la ciudad al territorio: la nueva problem&#xE1;tica periurbana --</subfield>
  </datafield>
  <datafield tag="505" ind1="0" ind2=" ">
    <subfield code="r">Artemio Baigorri</subfield>
    <subfield code="t">7. Espacios naturales y ordenaci&#xF3;n del territorio --</subfield>
  </datafield>
  <datafield tag="505" ind1="0" ind2=" ">
    <subfield code="r">Artemio Baigorri</subfield>
    <subfield code="t">8. G&#xE9;nero y espacio. Segregaci&#xF3;n social vs. Segregaci&#xF3;n espacial --</subfield>
  </datafield>
  <datafield tag="505" ind1="0" ind2=" ">
    <subfield code="r">Axel Borsdorf</subfield>
    <subfield code="t">9. Hacia la ciudad fragmentada. Tempranas estructuras segregadas en la ciudad Latinoamericana --</subfield>
  </datafield>
  <datafield tag="505" ind1="0" ind2=" ">
    <subfield code="r">Jordi Borja y Manuel Castells</subfield>
    <subfield code="t">10. La ciudad multicultural --</subfield>
  </datafield>
  <datafield tag="505" ind1="0" ind2=" ">
    <subfield code="r">Jordi Borja</subfield>
    <subfield code="t">11. Para reconstruir un discurso &#xE9;tico sobre la ciudad. Entrevista a Jordi Borja.</subfield>
  </datafield>
  <datafield tag="520" ind1="3" ind2=" ">
    <subfield code="a">"...una ciudad es siempre una ciudad", al margen de su situaci&#xF3;n en el tiempo y en el espacio. Lo que no quiere decir en absoluto que todas las ciudades se parezcan. Pero, por encima de rasgos muy diversos, originales, hablan todas obligatoriamente un mismo lenguaje fundamental, el di&#xE1;logo ininterrumpido con los campos, primera necesidad de la vida cotidiana; el abastecimiento de hombres, tan indispensable como el agua para la rueda del molino; la actitud distante de las ciudades, su voluntad de distinguirse de las dem&#xE1;s; su situaci&#xF3;n obligatoria en el centro de redes de comunicaciones m&#xE1;s o menos lejanas; su articulaci&#xF3;n respecto a sus arrabales y a las dem&#xE1;s ciudades. Pues una ciudad jam&#xE1;s se presenta sin el acompa&#xF1;amiento de otras ciudades. Unas ocupan un lugar preeminente, otras cumplen una funci&#xF3;n de siervas o incluso de esclavas, pero todas est&#xE1;n &#xED;ntimamente relacionadas, forman una jerarqu&#xED;a, tanto en Europa como en China, o en cualquier parte."Fernand Braudel, Civilizaci&#xF3;n material, econom&#xED;a y capitalismo, siglos XV-XVIII, tomo 1 &#x2013; Las estructuras de lo cotidiano: lo posible y lo imposible (Madrid: Alianza, 1984), p. 420.</subfield>
  </datafield>
  <datafield tag="650" ind1="1" ind2="4">
    <subfield code="2">LEMB</subfield>
    <subfield code="a">Urbanismo</subfield>
  </datafield>
  <datafield tag="650" ind1="1" ind2="4">
    <subfield code="2">LEMB</subfield>
    <subfield code="a">Espacio urbano</subfield>
  </datafield>
  <datafield tag="650" ind1="1" ind2="4">
    <subfield code="2">LEMB</subfield>
    <subfield code="a">Urbanismo </subfield>
    <subfield code="z">Latinoam&#xE9;rica</subfield>
  </datafield>
  <datafield tag="650" ind1="1" ind2="4">
    <subfield code="2">LEMB</subfield>
    <subfield code="a">ordenamiento territorial</subfield>
  </datafield>
  <datafield tag="650" ind1="1" ind2="4">
    <subfield code="2">LEMB</subfield>
    <subfield code="a">Urbanismo</subfield>
    <subfield code="v">multicultural</subfield>
  </datafield>
  <datafield tag="700" ind1="1" ind2=" ">
    <subfield code="a">Valladares Vielman, Luis Rafael</subfield>
    <subfield code="d">1970- ;</subfield>
    <subfield code="e">compilador y editor</subfield>
    <subfield code="9">1</subfield>
  </datafield>
  <datafield tag="700" ind1="1" ind2=" ">
    <subfield code="a">Rizo, Marta</subfield>
    <subfield code="e">autora</subfield>
  </datafield>
  <datafield tag="700" ind1="1" ind2=" ">
    <subfield code="a">Rubio D&#xED;az, Alfredo</subfield>
    <subfield code="e">autor</subfield>
  </datafield>
  <datafield tag="700" ind1="1" ind2=" ">
    <subfield code="a">D&#xED;az Ru&#xED;z, Susana</subfield>
    <subfield code="e">autora</subfield>
  </datafield>
  <datafield tag="700" ind1="1" ind2=" ">
    <subfield code="a">Alguacil G&#xF3;mez, Julio</subfield>
    <subfield code="e">autor</subfield>
  </datafield>
  <datafield tag="700" ind1="1" ind2=" ">
    <subfield code="a">Groppo, Paolo y Toselli, Paolo</subfield>
    <subfield code="e">autores</subfield>
  </datafield>
  <datafield tag="700" ind1="1" ind2=" ">
    <subfield code="a">Baigorri, Artemio</subfield>
    <subfield code="e">autor</subfield>
  </datafield>
  <datafield tag="700" ind1="1" ind2=" ">
    <subfield code="a">Borja, Jordi y Castells, Manuel</subfield>
    <subfield code="e">autores</subfield>
  </datafield>
  <datafield tag="942" ind1=" " ind2=" ">
    <subfield code="2">ddc</subfield>
    <subfield code="c">BK</subfield>
    <subfield code="h">CEUR 711 C581</subfield>
    <subfield code="n">0</subfield>
  </datafield>
  <datafield tag="999" ind1=" " ind2=" ">
    <subfield code="c">959</subfield>
    <subfield code="d">959</subfield>
  </datafield>
  <datafield tag="952" ind1=" " ind2=" ">
    <subfield code="0">0</subfield>
    <subfield code="1">0</subfield>
    <subfield code="2">ddc</subfield>
    <subfield code="4">0</subfield>
    <subfield code="7">0</subfield>
    <subfield code="8">gn</subfield>
    <subfield code="a">BICEUR</subfield>
    <subfield code="b">BICEUR</subfield>
    <subfield code="d">2018-09-26</subfield>
    <subfield code="e">Donaci&#xF3;n CEUR</subfield>
    <subfield code="i">16H-13655-2711/18</subfield>
    <subfield code="l">0</subfield>
    <subfield code="o">CEUR 711 C581</subfield>
    <subfield code="p">BFQS00051</subfield>
    <subfield code="r">2025-08-12 12:59:00</subfield>
    <subfield code="y">BK</subfield>
    <subfield code="z">Disponible</subfield>
  </datafield>
</record>
